000 00448nam a2200193Ia 4500
005 20240823015942.0
008 240823s9999||||xx |||||||||||||| ||und||
020 _a81-7629-449-7
041 _aENGLISH
082 _A346.07 P4
100 _aNirmal Singh
245 0 _aBusiness Laws
250 _a1st
260 _c2004
_b"Deep & Deep Pub.,New Delhi"
500 _aYES
650 _aLaw
_bManagement Studies
942 _cBK
999 _c173623
_d173623